Responses for Show #7935 - Friday, February 22, 2019

2019 All-Star Games match 1, game 2.

Contestants

[<< previous game]

Team Brad (subtotal of $49,800)

Playing the Jeopardy! Round: David Madden, an academic competition director from Ridgewood, New Jersey

Playing the Double Jeopardy! Round: Brad Rutter, an actor and producer from Los Angeles, California

Playing the Final Jeopardy! Round: Larissa Kelly, an editor for academic competitions from Richmond, California

Team Colby (subtotal of $0)

Playing the Jeopardy! Round: Alan Lin, a software engineer from Riverside, California

Playing the Double Jeopardy! Round: Pam Mueller, a think tank researcher from Culver City, California

Playing the Final Jeopardy! Round: Colby Burnett, a college counselor from Chicago, Illinois

Team Buzzy (subtotal of $26,200)

Playing the Jeopardy! Round: Jennifer Giles, a third grade teacher from Longmont, Colorado

Playing the Double Jeopardy! Round: Alex Jacob, a freelance trivia writer from Greensboro, North Carolina

Playing the Final Jeopardy! Round: Buzzy Cohen, a music executive from Los Angeles, California

[next game >>]

Jeopardy! Round responses

TV BY THE NUMBERS
THE 1920s
FOREIGN-SOUNDING FOOD
STATE FACTS
THINGS IN MUSEUMS
ANAGRAMS OF EACH OTHER
(Alex: Each clue will require two words in a correct response.)
    $200 30
(David: What is Hawaii Five-0?)
...
(Alex: You were close. So close.)
(David: [Shielding his hands in front of his face] Not my thing!)
[Laughter]

One Life to Live

David
Triple Stumper
    $200 29
a motel

Jennifer
    $200 28
French fries

Jennifer
    $200 26
the Revolutionary

Alan
    $200 25
the Hope Diamond

David
    $200 27
May yam

Jennifer
    $400 23
21 Jump Street

Jennifer
    $400 18
The Hague

David
    $400 20
Asian chicken salad

Alan
    $400 19
a Renaissance Faire

Alan
    $400 16
Suleiman the Magnificent

David
    $400 7
teach & cheat

David
    $600 24
(David: What is Three Guys and a Girl?)
...
(Alex: David, you crowded one guy too many in there. It's [*].)

Two Guys, a Girl and a Pizza Place

David
Triple Stumper
    $600 17
(Jack) Dempsey

David
    $600 4
a chimichanga

Alan
    $600 15
Wyoming

Alan
    $600 2
the Kon-Tiki

Jennifer
    $600 6
allergy & gallery

Triple Stumper
    $800 22
(Jennifer: What is The 100?)

3%

Jennifer
Triple Stumper
    $800 10
Homo erectus

Alan
    $800 13
Wienerschnitzel

David
    $1,400 3
(Alex: Countdown to a launch.)

Cape Kennedy (or the Kennedy Space Center)

Jennifer
    $800 1
Nike (or Winged Victory)

Jennifer
    $800 9
treason & senator

David
    $1000 21
Babylon 5

Triple Stumper
    $1000 8
(Ernest) Shackleton

Alan
    $1000 12
a Cuban

Alan
    $1000 14
(Alex: At the bottom of the Grand Canyon.)

Arizona

Jennifer
    $1000 5
Josiah Wedgwood

Triple Stumper
    $1000 11
smile & slime

David

Scores at the first commercial break (after clue 15):

Team Buzzy Team Colby Team Brad
$3,800 $4,000 $3,000

Scores at the end of the Jeopardy! Round:

Team Buzzy Team Colby Team Brad
$4,000 $5,000 $3,800

Double Jeopardy! Round responses

IN MEMORIAM 2018
PHYSIOLOGY
POETRY FILL-IN
THAT'S A MOUTHFUL!
THE ARCTIC
LET'S "C" SOME DANCING
    $400 21
Brown v. Board of Education

Alex
    $400 23
the knee

Alex
    $400 26
rosebuds

Brad
    $400 28
triskaidekaphobia

Alex
    $400 29
(Brad: What's a rat?)

a lemming

PamBrad
    $400 15
the Charleston

Pam
    $800 22
(Roger) Bannister

Alex
    $800 24
the aorta

Brad
    $800 25
fruit

Pam
    $800 27
(Pam: What is salicylic?)
(Alex Trebek: No.)
(Pam: Acid?)

acetylsalicylic acid

AlexPam
    $800 30
the aurora borealis

Alex
    $800 14
the conga

Alex
    $1200 11
(Tom) Wolfe

Alex
    $100 12
meninges

Alex
    $1200 4
Paul

Alex
    $1200 1
prestidigitation

Pam
    $1200 6
blubber

Alex
    $1200 8
the can-can

Alex
    $1600 2
(Kate) Spade

Alex
    $1600 10
(Alex Jacob: What are deltoids?)

the rhomboids

Alex
Triple Stumper
    $1600 3
in a handful of dust

Triple Stumper
    $1600 5
the defenestration of Prague

Brad
    $100 7
[The time's-up signal sounds.]
(Alex Jacob: [Overlapping] Who is [*]?)
(Alex Trebek: Oh, the right response but a tad too late, Alex.)

Amundsen

Alex
    $1600 9
the cha-cha-cha

Alex
    $2000 19
(Robert) Indiana

Pam
    $2000 16
the hyoid

Alex
    $2000 17
(Brad: [Sighs] Crap.)
...
(Pam: [After successfully rebounding] While that was a mouthful, let's go back to THAT'S A MOUTHFUL!)

bandersnatch

PamBrad
    $2000 18
sesquipedalian

Brad
    $2000 20
(Brad: What is Archangel?)
(Pam: What is Vladivostok?)

Murmansk

PamBrad
Triple Stumper
    $2000 13
the corps de ballet

Pam

Scores at the end of the Double Jeopardy! Round:

Team Buzzy Team Colby Team Brad
$16,800 $11,000 $4,200

Final Jeopardy! Round responses

WOMEN IN U.S. HISTORY
LarissaWho is Emma Goldman?
$4,200
ColbyWho was E. Goldman (Goldman)
$10,800
BuzzyWho is Anthony?
$16,800
Emma Goldman

Final scores:

Team Buzzy Team Colby Team Brad
$0 $21,800 $8,400

Cumulative scores:

Team Buzzy Team Colby Team Brad
$26,200 $21,800 $58,200
2nd place: Wildcard competitor 3rd place: $50,000 (split three ways) if eliminated Winner: Automatic finalist

Game dynamics:

Coryat scores:

Team Buzzy Team Colby Team Brad
$17,400 $11,000 $4,200
Jennifer Alan David
$3,400 $5,000 $3,800
Alex Pam Brad
$14,000 $6,000 $400
23 R
(including 2 DDs),
3 W
(including 1 DD)
15 R,
2 W
12 R,
5 W

Combined Coryat: $32,600

[game clues] [game scores] [suggest correction]

Game tape date: 2019-01-08
The J! Archive is created by fans, for fans. Scraping, republication, monetization, and malicious use prohibited; this site may use cookies and collect identifying information. See terms. The Jeopardy! game show and all elements thereof, including but not limited to copyright and trademark thereto, are the property of Jeopardy Productions, Inc. and are protected under law. This website is not affiliated with, sponsored by, or operated by Jeopardy Productions, Inc. Join the discussion at JBoard.tv.